1146 1478 1860 1651 1641 1213 1258 1413 1915 1135 1485 1182 1936 1031 1053 1219 1231 1264 1249 1115 1629 1620 1238 1389 1037 1684 1284 1077 1348 1313 1315 1601 1230 1638 1780 1368 1081 1295 1021 1472 1208 1581 1022 1713 1768 1773 1558 1630 1239 1267 1020 1428 1624 1422 1407 1704 1049 1109 1944 1444 1849 1794 1591 1195 1691 1850 1097 1814 1001 1366 1128 1024 1354 1251 1957 1008 1911 1211 1226 1331 1869 1628 1459 1686 1677 1869 1121 1985 1027 1775 1930 1790 1585 1342 1408 1728 1855 1241 1798 BCNSPRNW ULIB Ver.6.0+V

เปลี่ยนเป็นภาษาไทย

Change to English
 แสดงรายละเอียดบรรณานุกรม
  กลับหน้าหลัก

Brief Record : Get Marc (ISO 2709) : E-mail record : QR code < ปิดหน้าต่าง
LEADER : 00000nam 2200000uu 4500
001    13399123206
003     ULIB
008    140704s2551 th a 000 0 tha d
020    9789748458304
090    นว.^bป534ม
100    ปันหยา
245    แมวกับปลาย่าง /^cปันหยา
260    กรุงเทพฯ :^b1168Publishing,^c2551
300    252 หน้า
710    1168Publishing
945    ^p169^l0^i20342
999    ^aทศพร เกษรทอง
รายการนี้ยังไม่มีแท็ก
คุณยังไม่ได้ล็อกอิน คุณสามารถมีกิจกรรมร่วมกับเว็บไซต์ได้ แต่ต้องล็อกอินก่อน ::
  ล็อกอิน

รายการสื่อสารสนเทศ

ลำดับที่ ประเภท เลขเรียก/บาร์โค้ด สถานที่ สถานะ
1. นวนิยาย
นวนิยาย
นว. ป534ม ฉ.1 
  Barcode: 20342
ห้องสมุดวิทยาเขตนครสวรรค์
►นวนิยาย:l:Fiction
บนชั้น

BibComment


ยังไม่เคยถูกคอมเมนท์

คอมเมนท์ทรัพยากรรายการนี้
  คอมเมนท์: แมวกับปลาย่าง ปั..


 Copyright 2026. Bcnsprnw @Library